000 00338 a2200157 4500
001 56432
020 _a8526260316
040 _cAnchieta - Pituba
100 _aAbramovich, Fanny
240 1 0 _aTem carta pra mim?
_lpor
245 1 0 _aTem carta pra mim?
300 _a112
362 0 _a2006
650 4 _aLiteratura juvenil
942 _cBK
999 _c56432
_d56432